| 000 | 00699nmm a2200169Ia 4500 | ||
|---|---|---|---|
| 008 | 251105s9999||||xx |||||||||||||||||und|| | ||
| 020 | _a9789587810943 | ||
| 041 | _aspa | ||
| 100 | _aRomán Tamez, Ángel Luis | ||
| 245 | 0 | _aIndios mineros y encomenderos: análisis sobre la composición y comportamiento de la renta de la encomienda de Opiramá, Provincia de Popayán, Nuevo Reino de Granada (1625-1627) | |
| 264 |
_a[Bogotá, Colombia] : _bEditorial Pontificia Universidad Javeriana, _c2017 |
||
| 300 | _a296 páginas | ||
| 490 | _aTaller y oficio de la historia | ||
| 650 | _aHistory of the Americas: Latin America | ||
| 856 | _uhttps://public.digitaliapublishing.com/a/56151 | ||
| 942 | _cCF | ||
| 999 |
_c96303 _d96303 |
||